000 00386 a2200157 4500
020 _a9780099908401
040 _aDLC
082 _a810.52
100 _a Hemingway, Ernest
245 _aThe old man and the sea
_cErnest Hemingway
260 _aUK
_bArrow Books
_c2004
300 _a99 p.
650 _aOlder men--Fishers
700 _aErnest Hemingway
942 _cBK
_k813.52 HEM
_2ddc
999 _c10893
_d10893